The cold war and its origins, 1917-1960 (Registro nro. 61233)
[ vista simple ]
| 000 -ENCABEZADO | |
|---|---|
| Número de control [NR] | 00656nam a2200181Ia 4500 |
| 008 - DE LONGITUD FIJA DE DATOS DE ELEMENTOS - INFORMACIÓN GENERAL | |
| Elementos de longitud fija [NR] | 130821s1961 xxu gr eng |
| 040 ## - FUENTE DE CATALOGACION [NR] | |
| Agencia de catalogación original [NR] | Co-BoUCM |
| Idioma de catalogación [NR] | spa |
| 041 00 - CODIGO DE IDIOMA [R] | |
| Código de idioma para texto/pista de sonido o título separado [R] | Inglés |
| 100 1# - ASIENTO PRINCIPAL--NOMBRE PERSONAL [NR] | |
| Nombre personal [NR] | Fleming, Denna Frank |
| Fechas asociadas con el nombre [NR] | 1893- |
| 245 14 - MENCION DE TITULO [NR] | |
| Título [NR] | The cold war and its origins, 1917-1960 |
| Mención de responsabilidad, etc. [NR] | Denna Frank Fleming |
| 260 ## - PUBLICACION, DISTRIBUCION, ETC. (PIE DE IMPRENTA) [R] | |
| Lugar de publicación, distribución, etc. [R] | Garden city (Nueva York, Estados Unidos) |
| Nombre del editor, distribuidor, etc. [R] | Doubleday |
| Fecha de publicación, distribución, etc. [R] | [1961] |
| 300 ## - DESCRIPCION FISICA [R] | |
| Extensión [R] | 2 v. (xx, 1158 páginas) |
| 650 04 - ASIENTO SECUNDARIO DE MATERIA - TERMINO TEMATICO [R] | |
| Término temático o nombre geográfico como elemento de entrada [NR] | Guerra Fría |
| 9 (RLIN) | 16622 |
| 650 04 - ASIENTO SECUNDARIO DE MATERIA - TERMINO TEMATICO [R] | |
| Término temático o nombre geográfico como elemento de entrada [NR] | Política internacional |
| Subdivisión cronológica [R] | 1917-1960 |
| 9 (RLIN) | 21990 |
| 651 #7 - ASIENTO SECUNDARIO DE MATERIA - NOMBRE GEOGRAFICO [R] | |
| Nombre geográfico [NR] | Unión Soviética |
| Geographic name following place entry element [OBSOLETE] | Relaciones internacionales |
| 9 (RLIN) | 27382 |
| 942 ## - ELEMENTOS DE ENTRADA AGREGADOS (KOHA) | |
| Tipo de ítem principal el descrito en 300a | Libro |
| Tema principal | Ciencia política |
| Edición | 1 |
| Parte restante de la signatura top. | F425 |
| Sistema de clasificación | DEWEY |
| Clasificación | 327.47 |
| Total préstamos | Signatura topográfica | Código de barras | Última vez visto | Volúmen / Fascículo | Ejemplar | Price effective from | Tipo de ítem | Perdido | Sistema de clasificación | Dañado | No prestable | Tipo de ítem específico | Suprimido | Ubicación habitual | Ubicación actual | Localización | Fecha de creación | Forma de adquisición | Costo |
|---|---|---|---|---|---|---|---|---|---|---|---|---|---|---|---|---|---|---|---|
| 327.47 F425 | 3000044 | 15/12/2012 | V.1 | Ej.1 | 03/02/2013 | Libro | DEWEY | Libro | Bib. Cavelier | Acavalier | 30/09/2009 | 0.00 | |||||||
| 327.47 F425 | 3000493 | 15/12/2012 | V.2 | Ej.1 | 03/02/2013 | Libro | DEWEY | Libro | Bib. Cavelier | Acavalier | 28/02/2013 | 0.00 |